Des célébrités portant les initiales H - Statistiques

Statistiques générales
  • Ce quiz a été pris 74 fois
  • Le résultat moyen est 9 sur 21
Statistiques - réponses
Code Indice Célébrité % Correct
HL Gardien et capitaine de l’équipe de France de football Hugo Lloris
92%
HF Acteur américain, célèbre pour Han Solo et Indiana Jones Harrison Ford
79%
HG Acteur britannique de comédies romantiques avec un gros coup de foudre Hugh Grant
76%
HJ Acteur australien, célèbre pour Wolverine Hugh Jackman
76%
HS Chanteur britannique, ex-membre de One Direction Harry Styles
68%
HC Femme politique américaine, ex-secrétaire d’État Hillary Clinton
68%
HT 33ᵉ président des États-Unis Harry Truman
63%
HZ Compositeur allemand de musiques de films Hans Zimmer
59%
HH Légende du catch américain Hulk Hogan
48%
HM Peintre français, chef de file du fauvisme Henri Matisse
44%
HD Cheffe cuisinière française étoilée Hélène Darroze
41%
HV Chanteur français populaire dans les années 60-70 Hervé Vilard
38%
HK Mannequin et animatrice allemande Heidi Klum
35%
HB Écrivain français, maître du réalisme Honoré de Balzac
35%
HE Footballeur français, attaquant prometteur Hugo Ekitike
35%
HA Philosophe et politologue germano-américaine Hannah Arendt
22%
HP Mathématicien et physicien français Henri Poincaré
14%
HI Footballeur japonais, défenseur central au Bayern Munich Hiroki Ito
14%
HO Légende du basket nigérian en NBA Hakeem Olajuwon
13%
HW Acteur australien, célèbre pour Matrix et Le Seigneur des Anneaux Hugo Weaving
10%
HN Grand maître d’échecs américano-japonais Hikaru Nakamura
8%
Aucun quiz correspondant
Distribution des résultats
% des personnes avec chaque résultat
Percentile par nombre de réponses
Votre historique - résultats
Vous n’avez pas pris ce quiz